La belleza de ser cristiano
Uloženo v:
| Hlavní autor: | |
|---|---|
| Médium: | Kniha |
| Jazyk: | španělština |
| Vydáno: |
Madrid
Pelícano
2008
|
| Témata: | |
| Tagy: |
Přidat tag
Žádné tagy, Buďte první, kdo vytvoří štítek k tomuto záznamu!
|
MARC
| LEADER | 00000nam a2200000 a 4500 | ||
|---|---|---|---|
| 001 | UCH2918 | ||
| 003 | CL-VaPUC | ||
| 008 | 090702e20080000SP |||||||||||||||||spa|d | ||
| 020 | |a 9788498402124 | ||
| 082 | 0 | 4 | |a 248 |b JUL |2 21 |
| 100 | 0 | |a Juliá, Ernesto |e author |9 537991 | |
| 245 | 1 | 3 | |a La belleza de ser cristiano |
| 300 | |a 236 p | ||
| 942 | |c BK | ||
| 945 | |d 20090702 00:00:00 |a dcastane | ||
| 260 | |a Madrid |b Pelícano |c 2008 | ||
| 600 | 0 | 7 | |a SACRAMENTOS |2 CL-VaPUC |9 537992 |
| 650 | 0 | |a Espiritualidad cristiana |9 537993 | |
| 650 | 0 | |a Vida cristiana |9 258753 | |
| 650 | 0 | |a Pecados |9 399266 | |
| 650 | 0 | |a Virtud y vicio |9 310637 | |
| 583 | |a last modification |c 20090702 00:00:00 |k Rodrigo Vera | ||
| 999 | |c 334578 |d 334576 | ||
| 952 | |0 0 |1 2 |4 0 |6 248_000000000000000_JUL_2008 |7 0 |8 A |9 423687 |a BIBTEO |b BIBTEO |d 2019-11-22 |i 4569199 |o 248 JUL 2008 |p 4569199 |r 2019-11-22 |w 2019-11-22 |y BK |k ICR | ||